000 003230000a22001450004500
003 MACL
040 _aMACL
090 _c3798
_d3798
100 _aIshaq, Khan M.
245 _aKashmir's Transition to Islam
_bThe Role of Muslim Rishis
260 _bManohar
_c1994
350 _a325
650 _aReligion
942 _cBOOK
_k294
999 _c3768
_d3768